| 000 | 00410nam a22001217a 4500 | ||
|---|---|---|---|
| 040 | _cNUST | ||
| 082 | _a620.1 AKH | ||
| 100 |
_aAkhtar Ali _99141 |
||
| 245 |
_aAsaan Itlaqi Mechaniyat. Part 2: _bMechanical Technology, Auto Diesel, Auto Farm Technologies |
||
| 260 |
_aLahore: _bAhmed Book Depo, _c2010. |
||
| 650 |
_aMechanical Technology- Auto Diesel, Auto Farm Technologies, Part 2 _9112459 |
||
| 942 |
_2ddc _cBK |
||
| 999 |
_c594794 _d594794 |
||